00434nam a2200133 a 450000100100000000500170001000800410002704000250006808200190009324500850011226000390019730000200023650000440025600004473020201002045601.0150108s2007 dr 000 0 spa d aDO-SdBNPbspacBNPHU axxxxxxbxxxxxx00aCoyuntura política nacionale internacional y táctica política del PTD, ML. aSanto Domingo :bMediabyte,c2007. a49 p. ;c21 cm. aResoluciones del VIII Congreso Nacional